00749cam a2200241 a 450000100100000000500170001000800410002702000150006803500190008304000180010208200240012010000370014424500390018125000120022026000370023230000210026965000280029065000310031891000070034904900090035695201270036599900150049200000789520200929154335.0900716s1994 sp 000 f spa d a843224550X a(DLC) 90872160 aDO-SdBNPcDLC a863.64bL791L, 19941 aLlamazares, Julio,d1955-91344110aLuna de lobos /cJulio Llamazares. a20a ed. aBarcelona :bSeix Barral,c1994. a153 p. ;c20 cm. 4aNovela española91123 4aLiteratura española9632 aWM aBNGR 001054708MOaGRbGRcHDd2009-09-11iLF1l0o863.64 L791L, 1994p7895-10r2020-06-25w2020-06-25y4ZPréstamo en sala c7673d7673